| Tag |
First Indicator |
Second Indicator |
Subfields |
| LEADER |
00000cam a22000008a 4500 |
| 001 |
in00000073418 |
| 005 |
20151008053457.0 |
| 008 |
810403s1981 njuaf 00110beng |
| 010 |
|
|
|a 81005144
|
| 020 |
|
|
|a 0133926052 :
|c $10.00 (est.)
|
| 035 |
|
|
|a (OCoLC)07461206
|
| 035 |
|
|
|9 AAH7554AM
|
| 039 |
0 |
|
|a 2
|b 3
|c 3
|d 3
|e 3
|
| 040 |
|
|
|a DLC
|c DLC
|d TXA
|d UtOrBLW
|
| 043 |
|
|
|a n-us---
|
| 049 |
|
|
|a TXAM
|c [985371]
|
| 050 |
0 |
0 |
|a CT275.C3458
|b P59
|
| 082 |
0 |
|
|a 973.92/092/4
|a B
|2 19
|
| 100 |
1 |
|
|a Plummer, William,
|d 1945-
|
| 245 |
1 |
4 |
|a The holy goof :
|b a biography of Neal Cassady /
|c by William Plummer.
|
| 263 |
|
|
|a 8110
|
| 264 |
|
1 |
|a Englewood Cliffs, N.J. :
|b Prentice-Hall,
|c [1981]
|
| 264 |
|
4 |
|c ©1981
|
| 300 |
|
|
|a 162 pages, 16 unnumbered pages of plates :
|b illustrations ;
|c 22 cm.
|
| 336 |
|
|
|a text
|b txt
|2 rdacontent
|
| 337 |
|
|
|a unmediated
|b n
|2 rdamedia
|
| 338 |
|
|
|a volume
|b nc
|2 rdacarrier
|
| 500 |
|
|
|a Includes index.
|
| 600 |
1 |
0 |
|a Cassady, Neal.
|
| 650 |
|
0 |
|a Bohemianism
|z United States.
|
| 651 |
|
0 |
|a United States
|v Biography.
|
| 999 |
|
|
|a MARS
|
| 999 |
f |
f |
|s a811f9de-2696-3aeb-9f0f-8353f7eec7bd
|i 6fc4c93b-f557-3fff-930f-8980aa101cfc
|t 0
|
| 952 |
f |
f |
|p ric
|a Texas A&M University
|b Rellis Campus
|c Joint Library Facility
|d Remote Storage
|t 0
|e CT275.C3458 P59
|h Library of Congress classification
|i unmediated -- volume
|m A14806094185
|
| 998 |
f |
f |
|a CT275.C3458 P59
|t 0
|l Remote Storage
|